000 00406nam a22001697a 4500
005 20240124101817.0
008 240124b |||||||| |||| 00| 0 eng d
020 _a9781839213199
041 _aEnglish
082 _a004 BAS
100 _aBashir, Imram
245 _aMastering Blockchain. Ed.3
260 _aMumbai
_bPackt
_c2020
300 _a788
650 _bBlockchain
_aComputer Science
942 _cRB
999 _c8268
_d8268